Místicos franciscanos españoles. (Record no. 170686)

MARC details
000 -LEADER
campo de control de longitud fija 01097nam a2200265 i 4500
001 - NÚMERO DE CONTROL
campo de control 170686
003 - IDENTIFICADOR DE NÚMERO DE CONTROL
campo de control ES-MaACL
005 - FECHA Y HORA DE LA ÚLTIMA TRANSACCIÓN
campo de control 20251009202632.0
008 - DATOS DE LONGITUD FIJA--INFORMACIÓN GENERAL
campo de control de longitud fija 090330s1948 sp |||| | spa d
245 00 - MENCIÓN DEL TÍTULO
Título Místicos franciscanos españoles.
Número de parte o sección de la obra I /
Mención de responsabilidad, etc. edición preparada por los redactores de "Verdad y vida"; introducciones de Juan Bautista Gomis.
260 ## - PUBLICACIÓN, DISTRIBUCIÓN, ETC.
Lugar de publicación, distribución, etc. Madrid :
Nombre del editor, distribuidor, etc. [La Editorial Católica],
Fecha de publicación, distribución, etc. 1948.
300 ## - DESCRIPCIÓN FÍSICA
Extensión 1 v. (XI, 700 p.) :
Otras características físicas ;
Dimensiones 20 cm.
490 1# - MENCIÓN DE SERIE
Mención de serie Biblioteca de autores cristianos ;
Designación de volumen o secuencia 38
505 8# - NOTA DE CONTENIDO CON FORMATO
Nota de contenido con formato Contiene: Arte para servir a Dios ; Espejo de ilustres personas / Fray Alonso de Madrid . Ley de amor santo / Fray Francisco de Osuna
650 #4 - PUNTO DE ACCESO ADICIONAL DE MATERIA--TÉRMINO DE MATERIA
Término de materia o nombre geográfico como elemento de entrada Misticismo-
Subdivisión geográfica España.
9 (RLIN) 138735
700 1# - ENTRADA AGREGADA--NOMBRE PERSONAL
Nombre de persona Gomis, Juan Bautista.
9 (RLIN) 58210
700 0# - ENTRADA AGREGADA--NOMBRE PERSONAL
Nombre de persona Alonso de Madrid
Títulos y otros términos asociados al nombre (O.F.M)
9 (RLIN) 139694
700 1# - ENTRADA AGREGADA--NOMBRE PERSONAL
Nombre de persona Francisco de Osuna,
Fechas asociadas al nombre ca.1492-ca.1540
9 (RLIN) 139695
740 02 - ENTRADA AGREGADA--TÍTULO RELACIONADO/ANALÍTICO NO CONTROLADO
Título relacionado o analítico no controlado Arte para servir a Dios.
740 02 - ENTRADA AGREGADA--TÍTULO RELACIONADO/ANALÍTICO NO CONTROLADO
Título relacionado o analítico no controlado Espejo de ilustres personas.
740 02 - ENTRADA AGREGADA--TÍTULO RELACIONADO/ANALÍTICO NO CONTROLADO
Título relacionado o analítico no controlado Ley de amor santo.
830 10 - PUNTO DE ACCESO ADICIONAL DE SERIE-TÍTULO UNIFORME
Título uniforme Biblioteca de autores cristianos
Designación de volumen o secuencia 38
9 (RLIN) 178679
852 ## - LOCALIZACIÓN
Ubicación ES-MaACL
Número de control de estantería J-37
Holdings
Estatus retirado Estado de pérdida Estado de daño No para préstamo Biblioteca de origen Biblioteca actual Ubicación en estantería Fecha de adquisición Fuente de adquisición Total de préstamos Signatura topográfica completa Código de barras Visto por última vez Precio de reemplazo Tipo de ítem Koha
        Biblioteca del Ateneo de Madrid Biblioteca del Ateneo de Madrid Depósito 2 30/03/2009     J-37 1179126 23/02/2023 23/02/2023 Libro impreso